The laws of Tanzania through cases

Na minha lista:
Detalhes bibliográficos
Autor principal: Bwana, Steven J
Outros Autores: MASHAURI K BENJAMIN
Formato: Livro
Publicado em: Dar es Salaam Law Africa c2016
Assuntos:
Tags: Adicionar Tag
Sem tags, seja o primeiro a adicionar uma tag!

MARC

LEADER 00000nam a2200000 4500
005 20260327080335.0
020 |a 9789966530110  |c TZS 45,000/= 
040 |a MCCL  |b eng  |e AACR 2nd. rev. ed. 
082 |a 340.9678 BWA 
100 |a Bwana, Steven J 
245 |a The laws of Tanzania through cases  |c /Steven J.Bwana, Mashauri K.Benjamin 
260 |a Dar es Salaam  |b Law Africa  |c c2016 
300 |a xxxviii,484 p. ;  |c 21 cm 
546 |a eng 
650 |a Laws of Tanzania 
700 |a MASHAURI K BENJAMIN 
942 |c BK 
999 |c 12543  |d 12543